All Kanye West Songs That Starts With Letter L. - Statistics

General Stats
  • This quiz has been taken 18 times
  • The average score is 7 of 12
Answer Stats
Album Song % Correct
My Beautiful Dark Twisted Fantasy Lost In The World
100%
The College Dropout Last Call
83%
Late Registration Late
83%
The Life Of Pablo Low Lights
67%
Donda Life Of The Party
58%
Watch The Throne Lift Off
58%
808s & Heartbreak Love Lockdown
58%
The College Dropout Lil Jimmy Skit
50%
Vultures 2 Lifestyle
42%
Donda Lord I Need You
33%
Donda 2 Lord Lift Me Up
33%
Donda 2 Louie Bags
33%
No matching quizzes found
Score Distribution
Percent of People with Each Score
Percentile by Number Answered
Your Score History
You have not taken this quiz